История. Типовые тестовые задания: 10 вариантов заданий: Ответы: Критерии оценок: Бланки ответов (Запись № 3577173)
[ простой вид ]
| 000 -МАРКЕР | |
|---|---|
| контрольное поле | 01108nam0a2200313 4500 |
| 001 - ИДЕНТИФИКАТОР ЗАПИСИ | |
| контрольное поле | RU\NLR\bibl\1952794 |
| 005 - ИДЕНТИФИКАТОР ВЕРСИИ | |
| контрольное поле | 20250616204255.0 |
| 010 ## - МЕЖДУНАРОДНЫЙ СТАНДАРТНЫЙ НОМЕР КНИГИ (ISBN) | |
| Номер (ISBN) | 978-5-377-05262-3 |
| Тираж | 15000 |
| 021 ## - НОМЕР ГОСУДАРСТВЕННОЙ РЕГИСТРАЦИИ | |
| Код страны | Российская Федерация |
| Номер | 2012-69253 |
| Номер Листа государственной регистраци | 5083 |
| 021 ## - НОМЕР ГОСУДАРСТВЕННОЙ РЕГИСТРАЦИИ | |
| Код страны | Российская Федерация |
| Номер | 2012-94753 |
| Номер Листа государственной регистраци | 7014 |
| 021 ## - НОМЕР ГОСУДАРСТВЕННОЙ РЕГИСТРАЦИИ | |
| Код страны | Российская Федерация |
| Номер | 2012-95640 |
| Номер Листа государственной регистраци | 7081 |
| 035 ## - ДРУГИЕ СИСТЕМНЫЕ НОМЕРА | |
| Идентификатор записи | (NLR Aleph) 001941912 |
| 100 ## - ДАННЫЕ ОБЩЕЙ ОБРАБОТКИ | |
| Данные общей обработки | 20121009d2013 |||y0rusy50 ca |
| 101 0# - ЯЗЫК РЕСУРСА | |
| Язык текста, звукозаписи и т.д. | русский |
| 102 ## - СТРАНА ПУБЛИКАЦИИ ИЛИ ПРОИЗВОДСТВА | |
| Страна публикации | Российская Федерация |
| 105 ## - ПОЛЕ КОДИРОВАННЫХ ДАННЫХ: ТЕКСТОВЫЕ МАТЕРИАЛЫ, МОНОГРАФИЧЕСКИЕ | |
| Кодированные данные о монографическом текстовом документе | y ||||||||| |
| 200 1# - ЗАГЛАВИЕ И СВЕДЕНИЯ ОБ ОТВЕТСТВЕННОСТИ | |
| Основное заглавие | История. Типовые тестовые задания: 10 вариантов заданий: Ответы: Критерии оценок: Бланки ответов |
| 210 ## - ПУБЛИКАЦИЯ, РАСПРОСТРАНЕНИЕ И ДР. | |
| Место издания, распространения и т.д. | Москва |
| Имя издателя, распространителя и т. д. | Экзамен |
| Дата издания, распространения и т.д. | 2013 |
| 215 ## - ФИЗИЧЕСКАЯ ХАРАКТЕРИСТИКА | |
| Размеры | 29 |
| 225 1# - СЕРИЯ | |
| Основное заглавие серии | ЕГЭ. Типовые тестовые задания |
| 225 1# - СЕРИЯ | |
| Основное заглавие серии | 2013 |
| 700 #1 - ИМЯ ЛИЦА - ПЕРВИЧНАЯ ОТВЕТСТВЕННОСТЬ | |
| Начальный элемент ввода | Гевуркова |
| Часть имени, кроме начального элемента ввода | Е. А |
| Код отношения | Автор |
| 701 #1 - ИМЯ ЛИЦА - АЛЬТЕРНАТИВНАЯ ОТВЕТСТВЕННОСТЬ | |
| Начальный элемент ввода | Соловьев |
| Часть имени, кроме начального элемента ввода | Я. В |
| Код отношения | Автор |
| 801 #0 - ИСТОЧНИК ЗАПИСИ | |
| Страна | Российская Федерация |
| Организация | NLR |
| Дата составления | 20121009 |
| Правила каталогизации | RCR |
| 801 #1 - ИСТОЧНИК ЗАПИСИ | |
| Страна | Российская Федерация |
| Организация | NLR |
| Дата составления | 20121009 |
| 942 ## - ДОПОЛНИТЕЛЬНЫЕ ЭЛЕМЕНТЫ ЗАПИСИ (АБИС) | |
| Тип экземпляра АБИС | Книга |
| 980 ## - КОЛЛЕКЦИЯ | |
| Название коллекции | Национальная библиография |
| Тип экземпляра | Дата поступления | Источник поступления | Библиотека постоянного хранения | Библиотека текущего хранения | Место хранения | Шифр хранения | Штрих-код | Статус экземпляра |
|---|---|---|---|---|---|---|---|---|
| Книга | 09.10.2012 | Обязательный экземпляр | РНБ (Московский) | РНБ (Московский) | Фонд изданий групповой обработки | ФГО | 3741473 | |
| Книга | 09.10.2012 | Обязательный экземпляр | РНБ (Московский) | РНБ (Московский) | Обменный фонд | 3741474 | ||
| Книга | 26.12.2012 | Обязательный экземпляр | РНБ (Московский) | РНБ (Московский) | Обменный фонд | 3797559 | ||
| Книга | 26.12.2012 | Обязательный экземпляр | РНБ (Московский) | РНБ (Московский) | Обменный фонд | 3797560 | ||
| Книга | 29.12.2012 | Обязательный экземпляр | РНБ (Московский) | РНБ (Московский) | Обменный фонд | 3798753 | ||
| Книга | 29.12.2012 | Обязательный экземпляр | РНБ (Московский) | РНБ (Московский) | Обменный фонд | 3798757 |